00364nam a2200109Ia 4500008004100000082000800041100001400049245007300063942000600136952009700142999001500239240331s9999 xx 000 0 und d bHOO aHoodfar,H 0aBuilding civil society :ba guide for special and political activism cL 001040708LaWERCLbWERCLcSSCd2024-03-31l0o 331.4 HOOp2202r2024-03-31w2024-03-31yL c3215d3215